000 00335nam a2200145Ia 4500
008 191201s2007 xx 000 0 und d
082 _a005.133
_bBPJ
100 _aBPB Publication
245 0 _aJava Projects
250 _a2nd
260 _aN.Delhi
_bBPB Publication
_c2007
300 _a486
650 _aB.Tech(IT)
942 _2ddc
_cBK
999 _c3114
_d3114